000 00298nam a22001337a 4500
008 170502b xxu||||| |||| 00| 0 eng d
020 _a9780813399690
041 _aeng
080 _a347
100 _a13
101 _aSHJ
245 _aINTERNATIONAL HUMAN RIGHT
_cDONNELLY.J
942 _2udc
_cBK
999 _c12455
_d12455